The Message of The Upanisads/ (Record no. 180051)

MARC details
000 -LEADER
fixed length control field 00538nam a22001817a 4500
005 - DATE AND TIME OF LATEST TRANSACTION
control field 20210722145053.0
010 ## - LCCN (DPL NO)
LC control number ENG-129616
020 ## - INTERNATIONAL STANDARD BOOK NUMBER
International Standard Book Number 978-81-7505-487-5
Terms of availability 350.00
035 ## - SYSTEM CONTROL NUMBER
System control number EN-113148
037 ## - SOURCE OF ACQUISITION
Source of stock number/acquisition DBAD/PUB
082 ## - DEWEY DECIMAL CLASSIFICATION NUMBER
Classification number 220.24
100 ## - MAIN ENTRY--PERSONAL NAME
Personal name Ranganathananda,Swami
245 ## - TITLE STATEMENT
Title The Message of The Upanisads/
Statement of responsibility, etc By Swami Ranganathananda
260 ## - PUBLICATION, DISTRIBUTION, ETC. (IMPRINT)
Place of publication, distribution, etc Kolkata
Name of publisher, distributor, etc Ramakrishna Math
Date of publication, distribution, etc 2019
270 ## - ADDRESS
Address 5 Dehi Entally Road
City Kolkata
Postal code 700014
300 ## - PHYSICAL DESCRIPTION
Extent 631p.
Dimensions 24cm(hbk)
Other physical details Index
942 ## - ADDED ENTRY ELEMENTS (KOHA)
Source of classification or shelving scheme Dewey Decimal Classification
Item type English Books
Classification part 220.24
Call number suffix RAN
Holdings
Withdrawn status Lost status Not for loan Collection code Home library Current library Date acquired Source of acquisition Cost, normal purchase price Full call number Barcode Copy number Cost, replacement price Koha item type
      Non-fiction Central Library Central Library 22/07/2021 DBAD/PUB 350.00 220.24 RAN EN-113148 1 350.00 English Books

© Delhi Public Library
Hit Counter
free hit counter